Bienvenue au Catalogue en Ligne des Bibliothèques de l'Universite du Burundi

Normal view MARC view

Entry Topical Term

Number of records used in: 1

001 - CONTROL NUMBER

  • control field: 34714

003 - CONTROL NUMBER IDENTIFIER

  • control field: BI-BuBU

005 - DATE AND TIME OF LATEST TRANSACTION

  • control field: 20110516151959.0

008 - FIXED-LENGTH DATA ELEMENTS

  • fixed length control field: 110516|||a|||||| | ||| d

040 ## - CATALOGING SOURCE

  • Original cataloging agency: BI-BuBU
  • Transcribing agency: BI-BuBU

150 ## - HEADING--TOPICAL TERM

  • Topical term or geographic name as entry element: Migration
  • Geographic subdivision: Afrique de l'Ouest : Ville secondaire

670 ## - SOURCE DATA FOUND

  • Source citation: Work cat.: (BI-BuBU): aut Dupont, Véronique 34711, Dynamique des villes secondaires et processus migratoires en Afrique de l'Ouest, 1986

670 ## - SOURCE DATA FOUND

  • Source citation: Work cat.: (BI-BuBU): aut Dupont, Véronique 34711, Dynamique des villes secondaires et processus migratoires en Afrique de l'Ouest, 1986
© 2019-2026 - Bibliothèques de l'Université du Burundi |Tous droits réservés
home | Pour toute information urgente Contactez nous | tel whatsupp: +25779204313